000 00461nam a22001457a 4500
005 20180130110324.0
008 180130b xxu||||| |||| 00| 0 eng d
040 _cPK-LaUMT
082 _aPKAC 297.82
_bAYA-M
100 _aAyat Ullah Abdul Hussain Sharfud Din
245 _aMazhab Ahlebait(مزہب اہلبیت)
_cAyat Ullah Abdul Hussain Sharfud Din
260 _aکراچی:
_bدارالثقافت الاسلامیہ،
_c1988
300 _a640
942 _cBK
999 _c102451
_d102451